Chansons québécoises - Statistics

General Stats
  • This quiz has been taken 39 times
  • The average score is 5 of 15
Answer Stats
Paroles Titre % Correct
I lost my baby. / I lost my darling I lost my baby
71%
Ton arrière-arrière grand-père il a défricher la terre / ton arrière grand-père il a labourrer la terre Dégénérations
67%
Si je m'arrête un instant / Pour te parler de ma vie Les étoiles filantes
54%
Je sais qu'elle s'appelait Serge / Avant de s'appeler Bianca Elle s'appelait Serge
50%
Quand on verra dans le miroir / Nos faces ridées pleines d'histoires On va s'aimer encore
42%
J'ai compris tous les mots / J'ai bien compris, merci Pour que tu m'aimes encore
42%
C'est un petit bonheur que j'avais ramassé /Il était tout en pleurs sur le bord d'un fossé Le P’tit Bonheur
33%
Il y a ma main dans la fenêtre / Titanic Feel Good
21%
Et si tu crois que j'ai eu peur, c'est faux /Je donne des vacances à mon cœur, un peu de repos Sous le vent
21%
Un peu plus haut, un peu plus loin / Je veux aller un peu plus loin Un peu plus haut
21%
Je suis la première / La dernière C'est moi
13%
Alors tu vois comme tout se mêle /Et du cœur à tes lèvres, je deviens un casse-tête Comme des enfants
13%
Hier dans la nuit / J'ai perdu mes esprits Miami
13%
C'est le regard / Qui nous dit tout Nous sommes les mêmes
4%
La première fois qu’j’t’ai vue / J’ai su qu’tu ferais mon affaire Une chance qu'on s'a
0%
No matching quizzes found
Score Distribution
Percent of People with Each Score
Percentile by Number Answered
Your Score History
You have not taken this quiz